OFDM towards fixed and mobile broadband wireless access (Record no. 8274)

000 -LEADER
fixed length control field 00742 a2200205 4500
020 ## - INTERNATIONAL STANDARD BOOK NUMBER
International Standard Book Number 9781580536417
020 ## - INTERNATIONAL STANDARD BOOK NUMBER
International Standard Book Number 1580536417
040 ## - CATALOGING SOURCE
Original cataloging agency DLC
Language of cataloging DLC
082 00 - DEWEY DECIMAL CLASSIFICATION NUMBER
Classification number 621.382/16
100 1# - MAIN ENTRY--PERSONAL NAME
Personal name Jha, Uma Shanker.
245 10 - TITLE STATEMENT
Title OFDM towards fixed and mobile broadband wireless access
Statement of responsibility, etc. Uma Shanker Jha, Ramjee Prasad
260 ## - PUBLICATION, DISTRIBUTION, ETC.
Place of publication, distribution, etc. Boston :
Name of publisher, distributor, etc. Artech House,
Date of publication, distribution, etc. c2007.
300 ## - PHYSICAL DESCRIPTION
Extent xiii, 200 p. :
Other physical details ill. ;
Dimensions 24 cm.
440 #4 - SERIES STATEMENT/ADDED ENTRY--TITLE
Title The Artech House universal personal communications series
650 #0 - SUBJECT ADDED ENTRY--TOPICAL TERM
Topical term or geographic name entry element Orthogonal frequency division multiplexing.
650 #0 - SUBJECT ADDED ENTRY--TOPICAL TERM
Topical term or geographic name entry element Wireless communication systems.
700 1# - ADDED ENTRY--PERSONAL NAME
Personal name Prasad, Ramjee.
856 41 - ELECTRONIC LOCATION AND ACCESS
Materials specified Table of contents only
Uniform Resource Identifier <a href="http://www.loc.gov/catdir/toc/fy0714/2007276220.html">http://www.loc.gov/catdir/toc/fy0714/2007276220.html</a>
942 ## - ADDED ENTRY ELEMENTS (KOHA)
Koha item type Book
Call number prefix 621.38216 JHA
Source of classification or shelving scheme
Holdings
Withdrawn status Lost status Damaged status Not for loan Collection code Permanent Location Current Location Shelving location Date acquired Source of acquisition Cost, normal purchase price Total Checkouts Full call number Barcode Date last seen Price effective from Koha item type
          Central Library (CL) Central Library (CL) General Stacks 12/27/2007 A & J Def Tek Concultants 8636.76   621.38216 JHA SEECS008844 11/14/2012 01/05/2017 Book
© 2023 Central Library, National University of Sciences and Technology. All Rights Reserved.